| 000 | 00890nam a22002417a 4500 | ||
|---|---|---|---|
| 999 |
_c10250 _d10250 |
||
| 003 | AR-CdUCM | ||
| 008 | 190329b ||||| |||| 00| 0 spa d | ||
| 040 |
_aMUNICIPALIDAD PROVINCIAL DEL CUSCO _cBIBLIOTECA MUNICIPAL DEL CUSCO |
||
| 082 |
_a869.56 / _bB41D / 1960 |
||
| 100 |
_aBelli, Carlos Germán _98779 |
||
| 245 | _aDentro & Fuera / | ||
| 260 |
_aLima : _bTaller de artes gráficas Ícaro, _c1960. |
||
| 300 |
_a[s.n] ; _c14 cm. |
||
| 440 |
_aFormas y poesía _n : 3 _926992 |
||
| 500 | _aDonación de la familia Nieto. Publicación hecha a mano en papel de piedra liza de 140 gramos con caracteres post-medieval. | ||
| 650 |
_aPoesía peruana _9806 |
||
| 650 |
_aPoetas peruanos _91611 |
||
| 650 |
_aPoesía - Perú - Siglo XX _914482 |
||
| 650 |
_aDentro y fuera _926993 |
||
| 700 |
_aAlberto Dávila (Dibujo) _926994 |
||
| 942 |
_2ddc _cLIBROS |
||
| 945 |
_apjha _d2019-05-14 |
||